Fortaleciendo los cimientos del sistema de capitalización individual para asegurar su sostenibilidad / (Registro nro. 6331)
[ vista simple ]
| 000 -LEADER | |
|---|---|
| fixed length control field | 01565nam a2200289Ia 4500 |
| 003 - CONTROL NUMBER IDENTIFIER | |
| control field | OSt |
| 005 - DATE AND TIME OF LATEST TRANSACTION | |
| control field | 20250422094406.0 |
| 008 - FIXED-LENGTH DATA ELEMENTS--GENERAL INFORMATION | |
| fixed length control field | 250422b |||a|||| |||| 00| 0 spa d |
| 020 ## - INTERNATIONAL STANDARD BOOK NUMBER | |
| International Standard Book Number | 9789568853129 |
| 037 ## - SOURCE OF ACQUISITION | |
| Source of stock number/acquisition | Donación |
| 040 ## - CATALOGING SOURCE | |
| Original cataloging agency | CO-JMCR |
| Transcribing agency | CO-JMCR |
| Language of cataloging | spa |
| Modifying agency | CO-JMCR |
| Description conventions | rda |
| 041 0# - LANGUAGE CODE | |
| Language code of text/sound track or separate title | spa |
| 082 04 - DEWEY DECIMAL CLASSIFICATION NUMBER | |
| Classification number | 331.252 / |
| Item number | F293f1 |
| Edition number | 23 |
| 111 1# - MAIN ENTRY--MEETING NAME | |
| Meeting name or jurisdiction name as entry element | Seminario |
| 9 (RLIN) | 7805 |
| 245 10 - TITLE STATEMENT | |
| Title | Fortaleciendo los cimientos del sistema de capitalización individual para asegurar su sostenibilidad / |
| Statement of responsibility, etc. | presentaciones de Seminario, organizado por FIAP |
| 250 ## - EDITION STATEMENT | |
| Edition statement | Primera edición |
| 260 ## - PUBLICATION, DISTRIBUTION, ETC. | |
| Place of publication, distribution, etc. | Chile : |
| Name of publisher, distributor, etc. | Federación Internacional de Administradoras de Fondos de Pensiones, |
| Date of publication, distribution, etc. | 2014. |
| 300 ## - PHYSICAL DESCRIPTION | |
| Extent | 408 páginas : |
| Other physical details | gráficos ; |
| Dimensions | 23 cm. |
| 505 0# - FORMATTED CONTENTS NOTE | |
| Formatted contents note | Ampliación de cobertura y promoción del ahorro previsional -- Rentabilidad y manejo de riesgos-- Eficiencia, competencia y costos de administración -- El tipo de calidad de las pensiones en los sistemas de capitalización individualdivudual |
| 520 0# - SUMMARY, ETC. | |
| Summary, etc. | La administración internacional de administradoras de fondos de pensiones, FIAP, fue creada en mayo del año 1996. La personería jurídica de esta organización internacional fue otorgada en la ciudad de Montevideo, el 29 de junio del 2004. |
| 650 14 - SUBJECT ADDED ENTRY--TOPICAL TERM | |
| Topical term or geographic name entry element | Pensiones |
| General subdivision | Congresos |
| Geographic subdivision | América Latina |
| 9 (RLIN) | 7806 |
| 650 24 - SUBJECT ADDED ENTRY--TOPICAL TERM | |
| Topical term or geographic name entry element | Conferencias |
| General subdivision | Ahorro e inversión |
| Geographic subdivision | América Latina |
| 9 (RLIN) | 7807 |
| 650 24 - SUBJECT ADDED ENTRY--TOPICAL TERM | |
| Topical term or geographic name entry element | Congresos |
| General subdivision | conferencias Pensiones |
| Geographic subdivision | América Latina |
| 9 (RLIN) | 7808 |
| 650 24 - SUBJECT ADDED ENTRY--TOPICAL TERM | |
| Topical term or geographic name entry element | Estudios comparados |
| Geographic subdivision | América Latina |
| 9 (RLIN) | 7809 |
| 650 24 - SUBJECT ADDED ENTRY--TOPICAL TERM | |
| Topical term or geographic name entry element | Congresos |
| General subdivision | conferencias |
| 9 (RLIN) | 7237 |
| 942 ## - ADDED ENTRY ELEMENTS (KOHA) | |
| Source of classification or shelving scheme | Dewey Decimal Classification |
| Koha item type | Books |
| Withdrawn status | Lost status | Source of classification or shelving scheme | Materials specified (bound volume or other part) | Damaged status | Not for loan | Home library | Current library | Shelving location | Date acquired | Source of acquisition | Full call number | Barcode | Date last seen | Copy number | Price effective from | Koha item type | Collection code | Total Checkouts |
|---|---|---|---|---|---|---|---|---|---|---|---|---|---|---|---|---|---|---|
| Dewey Decimal Classification | Donación--01/12/2017-- | Biblioteca Pública José María del Castillo y Rada | Biblioteca Pública José María del Castillo y Rada | General Stacks | 11/28/2019 | Donación | 331.252 / F293f | 430012454 | 05/16/2024 | Ej.1 | 11/28/2019 | Books | ||||||
| Dewey Decimal Classification | Biblioteca Pública José María del Castillo y Rada | Biblioteca Pública José María del Castillo y Rada | Book Cart | 03/14/2024 | Donación | 331.252 / F293f1 | 201812345 | 04/22/2025 | Ej.2 | Books | Non-fiction |